Biodiversity across spatial and temporal scales: problems and opportunities (Registro nro. 10629)

Detalles MARC
000 -CABECERA
Campo de control 005640000a22001810004500
090 ## - CLASIFICACIÓN LOCAL
Colección AR
Consecutivo 01548
041 0# - IDIOMA
Código de idioma para texto/pista de sonido o título separado
100 1# - ASIENTO PRINCIPAL--NOMBRE PERSONAL
Nombre personal Bunnell, Fred L.
245 10 - MENCION DE TITULO
Título Biodiversity across spatial and temporal scales: problems and opportunities
650 14 - ASIENTO SECUNDARIO DE MATERIA - TERMINO TEMATICO
Término temático o nombre geográfico como elemento de entrada Manejo de Bosques
650 14 - ASIENTO SECUNDARIO DE MATERIA - TERMINO TEMATICO
Término temático o nombre geográfico como elemento de entrada Escala temporal
650 14 - ASIENTO SECUNDARIO DE MATERIA - TERMINO TEMATICO
Término temático o nombre geográfico como elemento de entrada Escala espacial
650 14 - ASIENTO SECUNDARIO DE MATERIA - TERMINO TEMATICO
Término temático o nombre geográfico como elemento de entrada Biodiversidad
650 14 - ASIENTO SECUNDARIO DE MATERIA - TERMINO TEMATICO
Término temático o nombre geográfico como elemento de entrada Evolución
700 1# - ASIENTO SECUNDARIO - NOMBRE PERSONAL
Nombre personal Huggard, David J.
773 1# - Item fuente:
Título Forest Ecology and Management
Especificación de materiales 114
Descripción física 115
Paginas del Articulo 113-126
Lugar, editorial y fecha de publicación 1999
942 ## - ELEMENTOS ADICIONALES (KOHA)
Tipo de ítem Artículo
Existencias
Withdrawn status Lost status Damaged status No para préstamo Colección Ubicación Permanente Ubicación actual Fecha de adquisición Fuente de Valor Datos de publicación Seriada Total Checkouts Número topográfico Inventario / Código de Barras Date last seen Ejemplar Price effective from Forma de adquisición Tipo de material
      No para Préstamo Hemeroteca Bogotá Bogotá 27/02/2015 Muñoz Saba, Yaneth Fuera de circulación   AR 01548 011907 25/03/2015 1 25/03/2015   Artículo